Hacia una profesionalizacin̤ de la comunicacin̤ polt̕ica en Mx̌ico

Bibliographic Details
Format: eBook
Language:Spanish
Published: Ciudad de Mx̌ico: Cm̀ara de Diputados, 2013
Subjects:
Online Access:Acceso restringido

MARC

LEADER 00000nam a22000007a 4500
005 20171005182029.0
007 cr|||| ||||
008 171005s2013 mx |||||s|||| 00||0 spa d
020 |a 978-607-401-761-8 
035 |a 20710 
040 |a vLex 
090 |c 7071  |d 7071 
245 0 0 |a Hacia una profesionalizacin̤ de la comunicacin̤ polt̕ica en Mx̌ico  |h [Recurso electrn̤ico] 
256 |a Servicio en ln̕ea 
260 |a Ciudad de Mx̌ico:  |b Cm̀ara de Diputados,  |c 2013 
300 |a 1 recurso electrn̤ico 
506 1 |a Disponible solo en los productos indicados  |d vLex Global  |d vLex Global (Academic Edition, excluding Law Schools)  |d vLex Global (U.S. Academic Edition, Law Schools)  |d vLex Global (U.S. Academic Edition, excluding Law Schools)  |d vLex Global (Academic Edition, Law Schools) 
650 0 4 |a Derecho civil  |z Mx̌ico 
650 0 4 |a Tecnologa̕  |z Mx̌ico 
740 0 |a vLex Libros (Servicio en ln̕ea) 
856 4 0 |u http://vlex.com/source/hacia-una-profesionalizacion-de-la-comunicacion-politica-en-mexico-20710  |z Acceso restringido 
942 |c BOOK 
999 0 |a Civil law 
999 0 |a Technology